Français Champions du Monde d’Athlétisme - Statistiques

Statistiques générales
  • Ce quiz a été pris 446 fois
  • Le résultat moyen est 9 sur 18
Statistiques - réponses
Réponse % Correct
Kévin Mayer
95%
Yohann Diniz
88%
Pierre-Ambroise Bosse
87%
Marie-José Pérec
76%
Stéphane Diagana
76%
Teddy Tamgho
63%
Ladji Doucouré
62%
Eunice Barber
52%
Marc Raquil
48%
Christine Arron
42%
Muriel Hurtis
41%
Ronald Pognon
31%
Leslie Djhone
27%
Patricia Girard
21%
Sylviane Félix
19%
Naman Keïta
14%
Eddy De Lépine
8%
Lueyi Dovy
7%
Aucun quiz correspondant
Distribution des résultats
% des personnes avec chaque résultat
Percentile par nombre de réponses
Votre historique - résultats
Vous n’avez pas pris ce quiz